| 000 | 00541nam 22002053 4500 | ||
|---|---|---|---|
| 001 | 202142 | ||
| 010 | _a989-555-217-3 | ||
| 021 | _b246590/06 | ||
| 090 | _a202142 | ||
| 100 | _a20260512d u||y0pory50 ba | ||
| 200 |
_aO perfumista _fJoaquim Mestre |
||
| 205 | _a1ยช | ||
| 210 |
_aCruz Quebrada _cOficina do livro _d2006 |
||
| 215 |
_a301 p. _cbrochado _d22 cm |
||
| 606 |
_96 _aLiteratura Portuguesa |
||
| 675 |
_a821.134.3-3 _vPT _zpor |
||
| 700 |
_917290 _aMestre _bJoaquim |
||
| 801 |
_aPT _bBMMN _gRPC |
||
| 830 |
_cFernando _fFernando |
||
| 990 | _cLIVROS | ||